Countries with First Vowel 'I' - Statistics

General Stats
  • This quiz has been taken 1,453 times
  • The average score is 23 of 29
Answer Stats
Con Country % Correct
as India
94%
as Indonesia
93%
eu Ireland
92%
eu Iceland
91%
as Iran
91%
as Iraq
91%
eu Italy
90%
so Chile
86%
as Israel
85%
oc Fiji
84%
oc Kiribati
82%
eu Finland
81%
af Libya
79%
as China
78%
eu Lithuania
78%
no Nicaragua
77%
af Niger
76%
af Nigeria
76%
as Vietnam
76%
eu Liechtenstein
74%
af Liberia
73%
af Djibouti
70%
as Singapore
70%
no Trinidad and Tobago
70%
af Zimbabwe
67%
as Philippines
66%
af Sierra Leone
66%
eu Switzerland
66%
as Sri Lanka
64%
No matching quizzes found
Score Distribution
Percent of People with Each Score
Percentile by Number Answered
Your Score History
You have not taken this quiz